| 000 | 00539 a2200169 4500 | ||
|---|---|---|---|
| 005 | 20250519093102.0 | ||
| 020 | _a978-0-07-297967-1 | ||
| 082 | _a658. 403 WIL | ||
| 100 | _aWILSON, J. H. | ||
| 245 | _aBusiness Forecasting With Accompanying Excel-Based ForecastX TM Software | ||
| 250 | _a5th Ed. | ||
| 260 |
_aNew York, _bMcGraw-Hill, _c2007. |
||
| 300 |
_axiii, 461p.: ill.; figure, graph, table. _bIndex. _c24cm. |
||
| 700 | _aKEATING, B. & SOLUTIONS, J. G. | ||
| 856 |
_yAccess online book _fBusiness _dwww.mhhe.com |
||
| 942 |
_2ddc _cBKS |
||
| 999 |
_c2430 _d2430 |
||